Old Ballads (Record no. 240491)
[ view plain ]
| 000 -LEADER | |
|---|---|
| fixed length control field | 01773cam a22002413a 4500 |
| 001 - CONTROL NUMBER | |
| control field | 11236 |
| 003 - CONTROL NUMBER IDENTIFIER | |
| control field | PGUSA |
| 005 - DATE AND TIME OF LATEST TRANSACTION | |
| control field | 20140828083234.0 |
| 008 - FIXED-LENGTH DATA ELEMENTS--GENERAL INFORMATION | |
| fixed length control field | 040201s2004||||xxu|||||s|||||000 | eng d |
| 040 ## - CATALOGING SOURCE | |
| Original cataloging agency | PGUSA |
| Language of cataloging | eng |
| 042 ## - AUTHENTICATION CODE | |
| Authentication code | dc |
| 050 #4 - LIBRARY OF CONGRESS CALL NUMBER | |
| Classification number | PR |
| 245 10 - TITLE STATEMENT | |
| Title | Old Ballads |
| Medium | [electronic resource] / |
| Statement of responsibility, etc | Various |
| 260 ## - PUBLICATION, DISTRIBUTION, ETC. (IMPRINT) | |
| Name of publisher, distributor, etc | Project Gutenberg, |
| Date of publication, distribution, etc | 2004 |
| 505 0# - FORMATTED CONTENTS NOTE | |
| Formatted contents note | Come, lasses and lads -- Comin' thro' the rye -- Cherry-ripe -- Annie Laurie -- Robin Adair -- Molly Bawn -- Go, happy Rose! -- The anchor's weigh'd -- Alice Gray -- Home, sweet home -- John Anderson, my jo -- My pretty Jane -- Rock'd in the cradle of the deep -- The minstrel boy -- On the banks of Allan Water -- Auld lang syne -- Within a mile of Edinburgh town -- The night-piece to Julia -- Tom Bowling -- My love is like the red red rose -- Widow Malone -- The jolly young waterman -- Caller herrin' -- A hunting we will go -- Hearts of oak -- The fine old English gentleman -- The Bay of Biscay O! -- Black-eyed Susan -- Duncan Gray -- The bailiff's daughter of Islington -- The miller of Dee -- The angel's whisper -- Simon the Cellarer -- Auld Robin Gray -- Bonnie Dundee -- Sally in our alley -- Kitty of Coleraine -- Here's to the maiden of bashful fifteen -- The leather bottel -- Woodman, spare that tree -- The token -- O, wert thou in the cauld blast -- The passionate shepherd to his love -- Lovely Nan -- The lass of Richmond Hill -- Tell me not, sweet -- She wore a wreath of roses -- O Nanny, wilt thou go with me? -- D'ye ken John Peel? |
| 506 ## - RESTRICTIONS ON ACCESS NOTE | |
| Terms governing access | Public domain in the USA. |
| 516 ## - TYPE OF COMPUTER FILE OR DATA NOTE | |
| Type of computer file or data note | Electronic text |
| 653 ## - INDEX TERM--UNCONTROLLED | |
| Uncontrolled term | Folk songs, English |
| 653 ## - INDEX TERM--UNCONTROLLED | |
| Uncontrolled term | Ballads, English |
| 830 #0 - SERIES ADDED ENTRY--UNIFORM TITLE | |
| Uniform title | Project Gutenberg |
| Volume number/sequential designation | 11236 |
| 856 40 - ELECTRONIC LOCATION AND ACCESS | |
| Uniform Resource Identifier | <a href="http://www.gutenberg.org/ebooks/11236">http://www.gutenberg.org/ebooks/11236</a> |
| 942 ## - ADDED ENTRY ELEMENTS (KOHA) | |
| Koha item type | eBooks |
| Withdrawn status | Lost status | Damaged status | Home library | Current library | Date acquired | Total Checkouts | Date last seen | Price effective from | Koha item type |
|---|---|---|---|---|---|---|---|---|---|
| Project Gutenberg | Project Gutenberg | 08/28/2014 | 08/28/2014 | 08/28/2014 | eBooks |